Life world library Britain
Spremljeno u:
| Glavni autor: | |
|---|---|
| Format: | Knjiga |
| Jezik: | Undetermined |
| Izdano: |
New York
Time-Life Books
1970
|
| Teme: | |
| Oznake: |
Dodaj oznaku
Bez oznaka, Budi prvi tko označuje ovaj zapis!
|
| Thư viện lưu trữ: | Trung tâm Học liệu Trường Đại học Cần Thơ |
|---|
| LEADER | 00471nam a2200181Ia 4500 | ||
|---|---|---|---|
| 001 | CTU_26887 | ||
| 008 | 210402s9999 xx 000 0 und d | ||
| 082 | |a 942 | ||
| 082 | |b O.81 | ||
| 100 | |a John Osborne | ||
| 245 | 0 | |a Life world library Britain | |
| 245 | 0 | |c John Osborne | |
| 260 | |a New York | ||
| 260 | |b Time-Life Books | ||
| 260 | |c 1970 | ||
| 650 | |a gt. britain - history | ||
| 904 | |i Minh, 981021 | ||
| 980 | |a Trung tâm Học liệu Trường Đại học Cần Thơ | ||